[Event "ICS rated blitz match"]
[Site "207.99.83.227"]
[Date "1999.05.09"]
[Round "?"]
[White "sergor"]
[Black "Hossa"]
[Result "0-1"]
[WhiteElo "2334"]
[BlackElo "2457"]
[PlyCount "72"]

1. d4 Nf6 2. c4 d6 3. Nf3 g6 4. Nc3 Bg7 5. e4 Bg4 6. Be2 O-O 7. O-O Nc6 8. d5
Na5 9. Nd2 Bxe2 10. Qxe2 c6 11. Rb1 Nd7 12. Nd1 cxd5 13. exd5 b6 14. Ne3 Nb7
15. b3 Nbc5 16. Bb2 Bxb2 17. Rxb2 Nf6 18. f4 Rc8 19. f5 Qe8 20. b4 Ncd7 21. Nb3
g5 22. Nd4 a6 23. h4 gxh4 24. Qf2 Ne5 25. Rc2 Qa4 26. Qxh4 Qxb4 27. g4 Nxc4 28.
g5 Nxe3 29. gxf6 exf6 30. Rh2 Rfe8 31. Qxh7+ Kf8 32. Ne6+ Ke7 33. Re2 Rg8+ 34.
Ng7 Qg4+ 35. Kf2 Qf4+ 36. Ke1 36... Qxf1+ {sergor resigns} 0-1

[Event "ICS rated blitz match"]
[Site "207.99.83.227"]
[Date "1999.05.09"]
[Round "?"]
[White "sicillianknight"]
[Black "Hossa"]
[Result "1-0"]
[WhiteElo "2608"]
[BlackElo "2468"]
[Annotator "Crafty v16.6"]
[PlyCount "267"]

{annotating for player ossa using a scoring margin of +0.20 pawns. search time
limit is 1:00} 1. e4 1... e5 2. Nf3 Nf6 3. d4 exd4 4. e5 Ne4 5. Qxd4 d5 6. exd6
Nxd6 7. Nc3 Nc6 8. Qf4 Bf5 9. Bb5 Qe7+ ({9:-0.90} 9... Qe7+ 10. Kf1 Bxc2 11.
Nd5 Qd7 12. Ne5 Qc8 13. Bxc6+ bxc6 14. Nb4 Qf5 15. Nbxc6 Qxf4 16. Bxf4 $16) ({
9:-0.63} 9... Be7 10. Nd4 Bd7 11. Nxc6 bxc6 12. Ba4 Nb5 13. Ne4 Bb4+ 14. c3
14... Ba5 $14) 10. Be3 Nxb5 11. Nxb5 Qb4+ 12. Qxb4 Bxb4+ 13. c3 Ba5 14. b4 Bd3
15. a4 a6 16. Nbd4 Nxb4 17. cxb4 Bxb4+ 18. Kd1 O-O 19. Ne5 Be4 20. f3 Rfe8 21.
fxe4 Rxe5 22. Nc2 Rxe4 23. Nxb4 Rxe3 24. Re1 Rb3 25. Re4 c5 26. Nc2 b5 27. axb5
Rd8+ 28. Kc1 axb5 29. Re5 Rc3 30. Rd5 Rc8 31. Ra7 g6 32. Rdd7 Rf8 33. Rac7 b4
34. Kb1 h5 35. Rd5 c4 36. Rdc5 Rd8 37. Rxc4 Rd1+ 38. Kb2 Rd2 39. Rxc3 bxc3+ 40.
Kxc3 Rxg2 41. h4 Rg3+ 42. Kd4 Rg4+ 43. Ke5 Rxh4 44. Ne3 Kg7 45. Nc4 Rh2 46. Kf4
Rf2+ 47. Ke3 Rf1 48. Nd2 Re1+ 49. Kf4 Ra1 50. Nf3 Ra4+ 51. Ke5 Ra5+ 52. Kf4
Rf5+ 53. Ke4 Rf6 54. Rd7 Kg8 55. Ke3 Re6+ 56. Kf4 Kg7 57. Ng5 Rf6+ 58. Kg3 Rf5
59. Ne6+ Kh7 60. Nd4 Rf6 61. Nf3 Kh6 62. Ne5 Kg7 63. Nf3 Rf5 64. Nd4 Rf1 65.
Kg2 Rf6 66. Nf3 Rf4 67. Ne5 g5 68. Kh2 Kg8 69. Rd8+ Kh7 70. Rd7 Kg7 71. Nc6 Kh6
72. Rd6+ f6 73. Ne7 Kg7 74. Rd7 Ra4 75. Nd5+ Kg6 76. Rd6 Kf5 77. Nxf6 Ra2+ 78.
Kh3 g4+ 79. Kh4 Rh2+ 80. Kg3 Rh3+ 81. Kg2 h4 82. Nd7 Rc3 83. Rd5+ Ke6 84. Rd2
Rc8 85. Nb6 Rg8 86. Nc4 Kf5 87. Rd4 Kf6 88. Ne3 Ke5 89. Rc4 Kd6 90. Nxg4 Kd5
91. Ra4 Kc5 92. Kh3 Rh8 93. Ne5 Kb5 94. Ra1 Rh5 95. Ng6 Rh7 96. Nxh4 Kc5 97.
Kg4 Rg7+ 98. Kf5 Rf7+ 99. Ke6 Rf2 100. Rc1+ Kb4 101. Kd5 Kb3 102. Rh1 Rd2+ 103.
Kc5 Rc2+ 104. Kb5 Rf2 105. Rh3+ Ka2 106. Kc4 Rf4+ 107. Kc3 Rf6 108. Nf3 Rc6+
109. Kb4 Rb6+ 110. Kc4 Rb3 111. Rh2+ Ka3 112. Nd4 Rb4+ 113. Kc5 Rb8 114. Rd2
Ra8 115. Rd3+ Ka2 116. Kb4 Rb8+ 117. Kc3 Rc8+ 118. Kd2 Rh8 119. Kc1 Rh2 120.
Nf3 Re2 121. Nd2 Re5 122. Nc4 Re1+ 123. Kc2 Re2+ 124. Kc3 Re7 125. Rd2+ Kb1
126. Rd1+ Ka2 127. Rd8 Rc7 128. Rb8 Ka1 129. Rb4 Ra7 130. Kc2 Ra2+ 131. Kc1 Re2
132. Ra4+ Ra2 133. Na3 Rxa3 134. Rxa3# 1-0

[Event "ICS rated blitz match"]
[Site "207.99.83.227"]
[Date "1999.05.09"]
[Round "?"]
[White "Hossa"]
[Black "sicillianknight"]
[Result "1/2-1/2"]
[WhiteElo "2458"]
[BlackElo "2618"]
[PlyCount "140"]

1. e4 c5 2. Nc3 Nc6 3. Nf3 g6 4. Bb5 Bg7 5. d3 Qa5 6. O-O Bxc3 7. Bxc6 dxc6 8.
bxc3 Qxc3 9. Rb1 Qa5 10. Rb2 Bg4 11. Rxb7 Qxa2 12. Be3 c4 13. Rc7 Qa4 14. dxc4
Qxc4 15. Qd4 Qxd4 16. Nxd4 a6 17. Nxc6 Rc8 18. Rxc8+ Bxc8 19. Ra1 Bb7 20. Nb4
Bxe4 21. Rxa6 f6 22. f3 Bf5 23. g4 Bd7 24. Ra7 h5 25. g5 h4 26. Rc7 fxg5 27.
Bxg5 Rh5 28. f4 Nf6 29. Bxf6 exf6 30. c4 Kd8 31. Ra7 Rc5 32. Nd5 Be6 33. Ra8+
Kd7 34. Ra7+ Kd6 35. Ra6+ Rc6 36. Rxc6+ Kxc6 37. Nxf6 Kc5 38. Ne4+ Kxc4 39.
Nd2+ Kd3 40. Nf3 h3 41. Kf2 Bf5 42. Ng5 Bd7 43. Kg3 Ke3 44. Nf7 Ke4 45. Ne5 Bf5
46. Nc6 Be6 47. Ne7 Bf7 48. f5 gxf5 49. Kxh3 f4 50. Kg2 Bh5 51. Kf2 Ke5 52. h4
Ke4 53. Kg2 Kd4 54. Nc6+ Ke3 55. Kh3 f3 56. Ne7 f2 57. Nf5+ Ke2 58. Ng3+ Ke1
59. Kg2 Bg4 60. Kh1 Bf3+ 61. Kh2 Be2 62. Kg2 Bh5 63. Kh2 Bf7 64. Kh3 Bd5 65. h5
Bb3 66. h6 Bc2 67. Kg2 Be4+ 68. Kh3 f1=Q+ 69. Nxf1 Kxf1 70. h7 70... Bxh7 {
Game drawn because neither player has mating material} 1/2-1/2

[Event "ICS rated blitz match"]
[Site "207.99.83.227"]
[Date "1999.05.09"]
[Round "?"]
[White "SuperChicken"]
[Black "Hossa"]
[Result "1-0"]
[WhiteElo "2701"]
[BlackElo "2465"]
[Annotator "Crafty v16.6"]
[PlyCount "116"]

{annotating for player ossa using a scoring margin of +0.20 pawns. search time
limit is 1:00} 1. d4 1... Nf6 2. c4 d6 3. Nc3 Nbd7 4. Nf3 e5 5. e4 exd4 6. Qxd4
Be7 7. Be2 Nc5 8. O-O Ne6 9. Qe3 O-O 10. Rd1 Ng4 11. Qd2 f5 ({10:-0.70} 11...
f5 12. exf5 Rxf5 13. Nd5 Rf7 14. Nxe7+ Qxe7 15. Re1 Bd7 16. Qd5 Bc6 17. Qh5
17... Nf4 $14) ({10:+0.00} 11... Re8 12. h3 Nf6 13. Nd4 Nc5 14. Qf4 Ne6 15. Qd2
$10) 12. exf5 Rxf5 13. Nd5 Nc5 14. Qd4 Nf6 15. Nxe7+ Qxe7 16. Re1 Qf7 17. Be3
Bd7 18. Ng5 Qg6 19. f4 h5 ({10:-2.23} 19... h5 20. b4 Na6 21. a3 Ng4 22. Bd3 c5
23. bxc5 Nxe3 24. Qxe3 Nxc5 25. Bxf5 25... Qxf5 $18) ({10:-0.89} 19... Nfe4 20.
g4 Nxg5 21. gxf5 Nf3+ 22. Kf2 Nxd4 23. fxg6 Nc2 24. Bxc5 24... Nxe1 $16) 20. b4
Na6 21. a3 Re8 ({10:-2.93} 21... Re8 22. Qxa7 Ng4 23. Bxg4 hxg4 24. Qxb7 Qf6
25. Qxa6 Rxe3 26. Qa8+ Be8 27. Rxe3 27... Qxa1+ $18) ({10:-2.33} 21... Nb8 22.
Bd3 Nc6 23. Qc3 Re8 24. Bxf5 Qxf5 25. b5 Ne7 26. Qd4 $18) 22. Qxa7 Nc5 ({
9:-3.58} 22... Nc5 23. bxc5 Rxe3 24. c6 Rxe2 25. cxb7 Rb2 26. b8=Q+ Rxb8 27.
Qxb8+ Be8 28. Ne6 $18) ({9:-2.58} 22... b6 23. Bd3 Bc6 24. Bxf5 Qxf5 25. b5 Ra8
26. Qxa8+ Bxa8 27. bxa6 $18) 23. bxc5 Rxe3 24. c6 Rxe2 25. cxb7 Rb2 ({9:-4.60} 
25... Rb2 26. b8=Q+ Rxb8 27. Qxb8+ Ne8 28. Re7 Rxf4 29. Rxd7 Rxc4 30. Qd8 30...
c5 $18) ({9:-4.28} 25... Rxg2+ 26. Kxg2 Bc6+ 27. Kf2 Rxf4+ 28. Ke3 Nd5+ 29.
cxd5 Qxg5 30. b8=Q+ Rf8+ 31. Kd3 Qxd5+ 32. Kc3 Qf3+ 33. Kb2 Qf6+ 34. Ka2 Rxb8
35. Qxb8+ $18) 26. b8=Q+ Rxb8 27. Qxb8+ Ne8 28. Re7 Bc6 29. g3 Rf8 30. Qb1 Qh6
({11:-4.81} 30... Qh6 31. Qe1 Qf6 32. Qe6+ Qxe6 33. Nxe6 Rf6 34. Rb1 Kh7 35.
Kf2 Rf5 36. Nxc7 Nxc7 37. Rxc7 $18) ({11:-4.56} 30... Qf5 31. Qxf5 Rxf5 32. Ne6
Ba4 33. Nxc7 Nxc7 34. Rxc7 Rf7 35. Rc8+ Kh7 36. Kf2 g5 37. Ke3 $18) 31. Qe1 Qf6
32. Qe6+ Kh8 33. Qxf6 Rxf6 34. Rae1 Rf8 35. Ne6 Rg8 36. Nxc7 Nf6 37. Ne6 d5 38.
Nxg7 Rxg7 39. R7e6 Ba4 40. Rxf6 dxc4 41. Rh6+ Rh7 42. Ra6 Bc2 43. Re8+ Kg7 44.
Re7+ Kf8 45. Rxh7 Bxh7 46. Kf2 Kg7 47. Ra7+ Kh6 48. Rxh7+ Kxh7 49. a4 Kg6 50.
a5 c3 51. Ke3 h4 52. a6 Kf5 53. a7 c2 54. Kd2 c1=Q+ 55. Kxc1 hxg3 56. hxg3 Kf6
57. a8=Q Ke6 58. Qe8+ Kd5 1-0

[Event "ICS Rated blitz match"]
[Site "207.99.83.227"]
[Date "1999.05.09"]
[Round "?"]
[White "Hossa"]
[Black "Villena"]
[Result "1-0"]
[WhiteElo "2458"]
[BlackElo "2179"]
[PlyCount "67"]

1. e4 Nf6 2. e5 Nd5 3. Nf3 d6 4. d4 Bg4 5. Bb5+ c6 6. Be2 Bxf3 7. Bxf3 dxe5 8.
dxe5 e6 9. O-O Nd7 10. Qe2 Qc7 11. Re1 Ne7 12. Bh5 Ng6 13. f4 Bc5+ 14. Kh1
O-O-O 15. Nc3 Nb6 16. Ne4 Be7 17. c3 Nd5 18. Qf2 Rd7 19. Qxa7 Rhd8 20. g3 f5
21. exf6 gxf6 22. a4 e5 23. Bg4 exf4 24. Qa8+ Qb8 25. Bxd7+ Rxd7 26. Qxb8+ Kxb8
27. c4 Ne3 28. Bxe3 fxe3 29. Rxe3 Ne5 30. b3 f5 31. Nc5 Bxc5 32. Rxe5 Bd4 33.
Rd1 c5 34. Rxc5 {Villena resigns} 1-0

[Event "ICS rated blitz match"]
[Site "207.99.83.227"]
[Date "1999.05.09"]
[Round "?"]
[White "Hossa"]
[Black "JudgeTurpin"]
[Result "1-0"]
[WhiteElo "2463"]
[BlackElo "2578"]
[PlyCount "147"]

1. e4 e5 2. f4 exf4 3. Nf3 d5 4. Nc3 dxe4 5. Nxe4 Qe7 6. Qe2 Bg4 7. d3 Bxf3 8.
gxf3 Nc6 9. Bxf4 O-O-O 10. Bh3+ Kb8 11. O-O-O Nd4 12. Qe3 h6 13. c3 Ne6 14. Be5
Ng5 15. Nxg5 hxg5 16. Bg2 Qe6 17. Kb1 Re8 18. Rde1 Nf6 19. f4 g4 20. Qd4 Bd6
21. Qa4 c6 22. Ka1 Rh5 23. d4 Rg8 24. Qb3 Bxe5 25. Qxe6 fxe6 26. fxe5 Ne8 27.
Be4 Rgh8 28. Bg6 Rh3 29. Bxe8 Rxe8 30. Reg1 Rf8 31. Kb1 Rf4 32. Rg2 c5 33. Rd1
cxd4 34. Rxd4 Rxd4 35. cxd4 Kc7 36. Rxg4 Rxh2 37. Rxg7+ Kc6 38. Re7 Kd5 39.
Rxb7 Kxd4 40. Rxa7 Kxe5 41. a4 Kd5 42. a5 Kc5 43. Rb7 Rh1+ 44. Ka2 Rh4 45. b4+
Kd5 46. a6 Rh8 47. b5 Rh2+ 48. Kb3 Rh3+ 49. Kb4 Rh4+ 50. Ka5 Rh2 51. Rd7+ Kc5
52. Rc7+ Kd6 53. Rc4 Kd5 54. Ra4 Rh8 55. b6 Kc6 56. b7 Rh5+ 57. Kb4 Rh8 58. Kc4
Kb6 59. Rb4+ Ka7 60. Kb5 Rd8 61. Ra4 Rd1 62. Kc5 Rb1 63. Rb4 Rxb4 64. Kxb4 Kb8
65. Kc4 Kc7 66. Kd4 Kb8 67. Ke5 Kc7 68. Kxe6 Kc6 69. b8=Q Kc5 70. a7 Kd4 71.
a8=Q Ke3 72. Qd5 Ke2 73. Qf4 Ke1 74. Qdd2# {JudgeTurpin checkmated} 1-0

[Event "ICS rated blitz match"]
[Site "207.99.83.227"]
[Date "1999.05.09"]
[Round "?"]
[White "Hossa"]
[Black "JudgeTurpin"]
[Result "0-1"]
[WhiteElo "2484"]
[BlackElo "2557"]
[Annotator "Crafty v16.6"]
[PlyCount "95"]

{annotating for player ossa using a scoring margin of +0.20 pawns. search time
limit is 1:00} 1. e4 1... e5 2. f4 exf4 3. Nf3 d6 4. Bc4 ({9:-0.91} 4. Bc4 4...
Be7 5. Rg1 Nc6 6. d4 Bh4+ 7. g3 fxg3 8. hxg3 Bf6 9. Nc3 $17) ({9:-0.54} 4. d4
4... g5 5. h3 Bh6 6. Nc3 Nc6 7. Bb5 Nf6 8. e5 $15) 4... h6 5. d3 g5 6. O-O ({
9:-1.26} 6. O-O 6... Nc6 7. a4 Bg4 8. Bd5 Bg7 9. Bxc6+ bxc6 10. c3 Ne7 11. Nbd2
$17) ({9:-0.85} 6. h4 6... g4 7. Nd4 f3 8. gxf3 Be7 9. Kd2 g3 10. h5 $17) 6...
Bg7 7. Nbd2 Be6 8. c3 Nd7 9. Bxe6 fxe6 10. Qb3 Nc5 11. Qc4 ({10:-0.99} 11. Qc4
11... Qd7 12. Nb3 Nxb3 13. axb3 b5 14. Qb4 c5 15. Qa5 Ne7 16. Bd2 $17) ({
10:-0.61} 11. Qb4 11... Qc8 12. d4 Nd7 13. Nc4 Ngf6 14. e5 Nd5 15. Qb5 15... a6
$15) 11... Qd7 12. Nb3 b5 13. Nxc5 bxc4 14. Nxd7 cxd3 15. Rd1 Kxd7 16. Rxd3 Nf6
17. Rd4 c6 18. Rb4 Rhb8 19. Ra4 Rf8 20. e5 Ne8 21. exd6 Nxd6 22. h4 ({11:-1.40
} 22. h4 22... Rf5 23. Nd2 e5 24. hxg5 hxg5 25. b3 g4 26. Ba3 g3 27. Bc5 $17) (
{11:-1.04} 22. Nd2 22... Rfe8 23. Nb3 e5 24. Nc5+ Kc7 25. Na6+ Kb7 26. Nc5+ Kb6
27. b4 e4 28. Ra6+ Kc7 29. Bb2 $17) 22... Bf6 23. Bd2 e5 24. Rd1 e4 25. hxg5
hxg5 26. Bxf4 ({11:-2.72} 26. Bxf4 26... gxf4 27. Rxe4 Rab8 28. Re2 Rfe8 29.
Red2 Re6 30. Kf1 Rd8 31. Rd3 $19) ({11:-1.84} 26. Nh2 26... e3 27. Be1 Kc7 28.
Ng4 Bg7 29. c4 Nb7 30. Bb4 Rad8 31. Re1 $19) 26... gxf4 27. Rxe4 Rab8 28. Ra4 (
{11:-3.42} 28. Ra4 28... Rxb2 29. Rxa7+ Ke6 30. Re1+ Kf5 31. Ra5+ Nb5 32. c4
Bc3 33. cxb5 Bxa5 34. Re5+ Kf6 35. bxc6 35... Rxa2 $19) ({11:-2.70} 28. Re2
28... Kc7 29. Nd4 Bxd4+ 30. Rxd4 c5 31. Ra4 Rb7 32. b3 Rf5 33. Rf2 Nb5 34.
Raxf4 Rxf4 35. Rxf4 35... Nxc3 $19) 28... Rxb2 29. Rxa7+ Ke6 30. Ra6 ({10:-3.78
} 30. Ra6 30... Rc8 31. Ne1 Bxc3 32. Nd3 Rd2 33. Nxf4+ Kf5 34. Rf1 Bd4+ 35. Kh2
35... Ne4 $19) ({10:-3.42} 30. Re1+ 30... Kf5 31. Ra5+ Nb5 32. c4 Bc3 33. cxb5
Bxa5 34. Re5+ Kf6 35. bxc6 Bb6+ 36. Kf1 Rf2+ 37. Kg1 37... Rxa2+ $19) 30... Rg8
31. Rxc6 Rgxg2+ 32. Kh1 Be7 33. a4 Rg3 34. Rf1 Ra2 35. Ra6 Kf6 36. c4 Rh3+ 37.
Kg1 Kg7 38. Nd4 Rg3+ 39. Kh1 Kh7 40. c5 Nf5 41. Ra7 Kg6 42. Ne6 f3 43. Nf4+ Kg5
44. Rxe7 Nxe7 45. Rc1 Kxf4 46. Rc4+ Kg5 47. Rc2 Rxc2 48. a5 0-1

[Event "ICS rated blitz match"]
[Site "207.99.83.227"]
[Date "1999.05.09"]
[Round "?"]
[White "SuperChicken"]
[Black "Hossa"]
[Result "1-0"]
[WhiteElo "2700"]
[BlackElo "2471"]
[Annotator "Crafty v16.6"]
[PlyCount "120"]

{annotating for player ossa using a scoring margin of +0.20 pawns. search time
limit is 1:00} 1. e4 1... e5 2. Nf3 Nf6 3. d4 exd4 4. e5 Ne4 5. Qxd4 d5 6. exd6
Nxd6 7. Nc3 Nc6 8. Qf4 Bf5 9. Bb5 Qe7+ ({9:-0.90} 9... Qe7+ 10. Kf1 Bxc2 11.
Nd5 Qd7 12. Ne5 Qc8 13. Bxc6+ bxc6 14. Nb4 Qf5 15. Nbxc6 Qxf4 16. Bxf4 $16) ({
9:-0.63} 9... Be7 10. Nd4 Bd7 11. Nxc6 bxc6 12. Ba4 Nb5 13. Ne4 Bb4+ 14. c3
14... Ba5 $14) 10. Be3 Nxb5 11. Nxb5 Qb4+ 12. Qxb4 Bxb4+ 13. c3 Ba5 14. b4 Bd3
15. Nbd4 Nxb4 16. Kd2 Be4 17. cxb4 Bxb4+ 18. Ke2 O-O-O 19. Rhd1 Bc3 ({9:-1.20} 
19... Bc3 20. Rac1 Bb2 21. Rc4 Bd5 22. Rc2 Ba3 23. Nf5 Bxf3+ 24. gxf3 Rxd1 25.
Kxd1 $16) ({9:-0.89} 19... Rd5 20. Nb3 Re8 21. Rac1 Rf5 22. Rc4 a5 23. Nbd2
23... Bd5 $16) 20. Rac1 Bb2 21. Rc4 Bd5 22. Rc2 Bxd4 23. Rxd4 Rhe8 24. Rcd2 c6
25. Ra4 Bxf3+ ({9:-1.67} 25... Bxf3+ 26. Kxf3 Rxd2 27. Bxd2 a6 28. Bc3 g6 29.
Rh4 h5 30. Rf4 f5 31. Bf6 $18) ({9:-1.21} 25... f5 26. h3 b6 27. Rad4 Rd6 28.
a4 a6 29. Ng5 29... h5 $16) 26. Kxf3 Rxd2 27. Bxd2 a6 28. Rh4 h6 29. Bc3 f6 30.
Rg4 Re7 ({11:-1.87} 30... Re7 31. Bb4 Rf7 32. Bc5 Kc7 33. Rd4 Rd7 34. Rxd7+
Kxd7 35. Bf8 g5 36. Bxh6 36... Kd6 $18) ({11:-1.65} 30... Rd8 31. Bb4 g5 32.
Re4 b6 33. Ke3 c5 34. Bc3 Rd6 35. Re7 35... Kd8 $18) 31. Bb4 Rf7 32. Bc5 Kd7
33. Rd4+ Ke6 34. Ke4 f5+ 35. Ke3 Kf6 36. h4 g5 37. Rd6+ Kg7 38. Bd4+ Kh7 39. h5
c5 40. Bxc5 f4+ 41. Kf3 Rc7 42. Bd4 Rc8 43. Rd7+ Kg8 44. Rxb7 Rc2 45. Rg7+ Kf8
46. Rg6 Rxa2 47. Bg7+ Ke8 48. Bxh6 Ra3+ 49. Ke4 Ra4+ 50. Kf5 f3 51. g4 Ra2 52.
Bxg5 Rxf2 53. h6 Rh2 54. Bf4 Rh1 55. Ke6 Re1+ 56. Be5 Rxe5+ 57. Kxe5 f2 58. Ke6
Kd8 59. h7 f1=Q 60. h8=Q+ Kc7 1-0

[Event "ICS rated blitz match"]
[Site "207.99.83.227"]
[Date "1999.05.09"]
[Round "?"]
[White "Mysterios"]
[Black "Hossa"]
[Result "1-0"]
[WhiteElo "2442"]
[BlackElo "2464"]
[Annotator "Crafty v16.6"]
[PlyCount "76"]

{annotating for player ossa using a scoring margin of +0.20 pawns. search time
limit is 1:00} 1. e4 1... e5 2. f4 exf4 3. Nf3 d6 4. Bc4 Be7 5. d4 Bh4+ 6. Kf1
Nc6 7. Bxf4 Bg4 8. Nc3 Bxf3 9. gxf3 Nge7 10. Kg2 Ng6 11. Bg3 Bxg3 ({9:+0.18} 
11... Bxg3 12. hxg3 Qd7 13. d5 Na5 14. Be2 Ne5 15. f4 Nec4 16. Qd4 $10) ({
9:+0.39} 11... Qg5 12. Nd5 O-O-O 13. f4 Qh6 14. f5 Nf8 15. Bf4 15... Bg5 $15)
12. hxg3 Qe7 13. f4 O-O-O 14. d5 Na5 15. Be2 c5 16. Bg4+ Kb8 17. Qe2 Qf6 18.
Rad1 Nxf4+ ({10:-1.49} 18... Nxf4+ 19. gxf4 Qxf4 20. Rdf1 Qg5 21. Rf5 Qe7 22.
Rfh5 h6 23. Qb5 23... b6 $16) ({10:-0.19} 18... a6 19. Rh5 Rde8 20. Qd3 Qe7 21.
Kg1 h6 22. Rf5 $10) 19. gxf4 Qxf4 20. Rdf1 Qg5 21. Rh5 Qe7 22. Rfh1 h6 23. e5
g6 24. Rxh6 Rxh6 25. Rxh6 dxe5 26. Rh7 c4 ({10:-2.17} 26... c4 27. Qe3 Qe8 28.
Qf2 f5 29. Qc5 Rd7 30. Rxd7 Qxd7 31. Bxf5 Qxf5 32. Qxa5 32... Qxc2+ $18) ({
10:-1.73} 26... Qf6 27. Ne4 Qf4 28. Nxc5 Nc4 29. Be6 Nd6 30. Bh3 e4 31. Kh1 $18
) 27. Qf3 Rf8 28. Ne4 Ka8 ({10:-3.87} 28... Ka8 29. d6 Qe8 30. d7 Qb8 31. Rxf7
Rd8 32. b4 Nc6 33. Qc3 33... a5 $18) ({10:-3.59} 28... b6 29. d6 Qb7 30. Be6
Qc6 31. Bxf7 a6 32. Bd5 Qe8 33. Qe3 $18) 29. d6 Qe8 30. d7 Qd8 31. Rxf7 Rg8 32.
Qf6 Qb8 33. Nc5 Qd8 34. Qxd8+ Rxd8 35. Ne6 a6 36. Nxd8 Ka7 37. Nxb7 Nc6 38. Na5
Kb6 1-0

[Event "ICS rated blitz match"]
[Site "207.99.83.227"]
[Date "1999.05.09"]
[Round "?"]
[White "Hossa"]
[Black "attakinski"]
[Result "0-1"]
[WhiteElo "2447"]
[BlackElo "2664"]
[Annotator "Crafty v16.6"]
[PlyCount "65"]

{annotating for player ossa using a scoring margin of +0.20 pawns. search time
limit is 1:00} 1. e4 1... c5 2. Nc3 Nc6 3. Nf3 g6 4. Bc4 Nf6 5. Ng5 e6 6. O-O
d5 7. Bb5 ({9:-0.04} 7. Bb5 7... d4 8. Na4 h6 9. Nf3 Nxe4 10. d3 Ng5 11. Ne5
$10) ({9:+0.50} 7. exd5 7... exd5 8. Bb5 Be7 9. Re1 O-O 10. Qe2 Bd6 11. Bxc6
bxc6 12. Qe3 $14) 7... h6 8. Nf3 ({10:+0.15} 8. Nf3 8... Nxe4 9. Nxe4 dxe4 10.
Ne5 Qd5 11. Nxc6 bxc6 12. c4 Qd6 13. Ba4 13... Bg7 $10) ({10:+1.06} 8. exd5
8... Nxd5 9. Nge4 f5 10. Nxd5 exd5 11. Nc3 Kf7 12. Bxc6 bxc6 13. Re1 Bg7 14.
Ne2 $16) 8... Nxe4 9. Nxe4 dxe4 10. Ne5 Qd5 11. Nxc6 bxc6 12. Be2 ({11:-0.32} 
12. Be2 12... Bg7 13. d3 Ba6 14. Re1 exd3 15. Bf3 Qd6 16. cxd3 O-O 17. Be4 $15)
({11:+0.08} 12. Ba4 12... Ba6 13. Re1 f5 14. d3 exd3 15. cxd3 O-O-O 16. Qe2 Rd6
17. Rd1 17... Bxd3 $10) 12... c4 13. f3 ({10:-0.92} 13. f3 13... Bb7 14. Qe1
Bg7 15. Qg3 O-O 16. Qf4 Qd4+ 17. Qe3 exf3 18. Bxf3 e5 19. Qxd4 19... exd4 $17)
({10:-0.33} 13. b3 13... Qe5 14. Rb1 Bd6 15. g3 cxb3 16. axb3 Bc5 17. Bb2 Bd4
18. Bxd4 Qxd4 19. Re1 $15) 13... Ba6 14. fxe4 Qxe4 15. Kh1 Bd6 16. Bf3 Qh4 17.
Bxc6+ Kf8 18. h3 Qg3 19. Kg1 Qh2+ 20. Kf2 Bc5+ 21. Kf3 Rc8 22. d3 g5 23. Be4 f5
24. d4 fxe4+ 25. Kxe4+ Ke7 26. dxc5 Rxc5 27. Qd4 ({9:-7.85} 27. Qd4 27... Qxg2+
28. Ke3 Qg3+ 29. Ke2 c3+ 30. Kd1 Rd8 31. Be3 cxb2 32. Rb1 Rxd4+ 33. Bxd4 Bxf1
34. Bxc5+ $19) ({9:-4.97} 27. Rf7+ 27... Kxf7 28. Qd7+ Kf6 29. Bxg5+ Rxg5 30.
Rf1+ Rf5 31. Rxf5+ exf5+ 32. Qxf5+ Ke7 33. Qc5+ Qd6 34. Qxa7+ Ke6 35. Qg7 Qd5+
36. Kf4 $19) 27... Qxg2+ 28. Ke3 Qg3+ 29. Kd2 Rd8 30. Qxd8+ Kxd8 31. Kd1 Rd5+
32. Bd2 Qe3 33. Rf8+ 0-1

[Event "ICS rated blitz match"]
[Site "207.99.83.227"]
[Date "1999.05.09"]
[Round "?"]
[White "Hossa"]
[Black "JudgeTurpin"]
[Result "0-1"]
[WhiteElo "2440"]
[BlackElo "2563"]
[Annotator "Crafty v16.6"]
[PlyCount "121"]

{annotating for player ossa using a scoring margin of +0.20 pawns. search time
limit is 1:00} 1. e4 1... e5 2. f4 exf4 3. Nf3 g5 4. h4 ({10:-0.94} 4. h4 4...
g4 5. Ne5 f3 6. Nxg4 fxg2 7. Bxg2 Be7 8. Rf1 h5 9. Nf2 9... Bxh4 $17) ({
10:-0.72} 4. h3 4... Nf6 5. Nxg5 h6 6. Nf3 Nxe4 7. Nc3 Ng3 8. Rg1 8... Bb4 $17)
4... g4 5. Ne5 Nf6 6. Bc4 d5 7. exd5 Bd6 8. Bb5+ ({9:-0.59} 8. Bb5+ 8... Bd7 9.
Nxd7 Nbxd7 10. Qe2+ Qe7 11. Qxe7+ Bxe7 12. Nc3 O-O-O 13. d4 Rhe8 14. Bxf4 Ba3+
15. Be5 15... Bxb2 $15) ({9:+0.30} 8. d4 8... c6 9. dxc6 Bxe5 10. dxe5 Qa5+ 11.
Nc3 Qxe5+ 12. Qe2 Nxc6 13. Bxf4 Qxe2+ 14. Nxe2 14... O-O $10) 8... Bd7 9. Nxd7
Nbxd7 10. O-O f3 11. gxf3 a6 12. Re1+ Be7 13. Ba4 gxf3 14. Qxf3 b5 15. Bb3 Rg8+
16. Kf1 a5 17. Nc3 a4 18. Nxb5 axb3 19. d6 cxd6 20. Qxa8 Qxa8 21. Nc7+ Kd8 22.
Nxa8 bxc2 23. Re3 Rg4 24. d4 ({10:-0.35} 24. d4 24... Rxd4 25. Rc3 Nd5 26. Rxc2
Ra4 27. Rf2 Rxa8 28. Rxf7 Bxh4 29. Rxh7 $15) ({10:+0.34} 24. h5 24... Nxh5 25.
Rc3 Ng3+ 26. Ke1 Rf4 27. d3 Rf1+ 28. Kd2 Rf2+ 29. Ke3 Re2+ 30. Kf4 Bh4 31. Rc7
31... h5 $14) 24... Rxd4 25. Rc3 Nd5 26. Rb3 ({11:-2.13} 26. Rb3 26... Rd1+ 27.
Ke2 Nc5 28. Rf3 Bxh4 29. Rf1 Ne4 30. Rf3 Ng3+ 31. Kf2 Nf5+ 32. Kg2 Nfe3+ 33.
Kh3 $19) ({11:-0.70} 26. Rxc2 26... Ra4 27. Rf2 N7f6 28. b4 Rxa8 29. b5 Ra4 30.
Bg5 h6 31. Bxf6 31... Bxf6 $15) 26... Rd1+ 27. Ke2 Bxh4 28. Rf3 N7f6 29. Rf1 ({
10:-2.85} 29. Rf1 29... Ne4 30. Rxf7 Ng3+ 31. Kf3 Rf1+ 32. Kg4 Rxf7 33. Kxh4
Nf5+ 34. Kh3 h5 35. Kg2 $19) ({10:-2.62} 29. a3 29... Kc8 30. Rh3 Bg5 31. Nb6+
Kc7 32. Bxg5 Rxa1 33. Nxd5+ Nxd5 34. Rxh7 Kc6 35. Rxf7 c1=Q 36. Bxc1 36... Rxc1
$19) 29... Ne4 30. Rxf7 Ng3+ 31. Kf3 Rf1+ 32. Kg4 Rxf7 33. Kxh4 Nf5+ 34. Kg4
Nd4 35. Bd2 Ra7 36. Rf1 Rxa2 37. Rf8+ Ke7 38. Rb8 Ra1 39. Rb7+ Kd8 40. Nb6 Rg1+
41. Kh3 Nxb6 42. Rxb6 Kd7 43. Rb7+ Kc6 44. Rb8 Kd5 45. Rc8 Rh1+ 46. Kg2 Rd1 47.
Be3 Nc6 48. Rh8 Ke4 49. Bh6 c1=Q 50. Bxc1 Rxc1 51. b3 Rc2+ 52. Kh1 Nd4 53. b4
Rc7 54. Rd8 Kd5 55. Rb8 Nc6 56. Rb6 Kc4 57. b5 Kc5 58. Ra6 Kxb5 59. Ra3 Rg7 60.
Rb3+ Kc4 61. Rb6 0-1

[Event "ICS rated blitz match"]
[Site "207.99.83.227"]
[Date "1999.05.09"]
[Round "?"]
[White "Hossa"]
[Black "JudgeTurpin"]
[Result "0-1"]
[WhiteElo "2429"]
[BlackElo "2576"]
[Annotator "Crafty v16.6"]
[PlyCount "136"]

{annotating for player ossa using a scoring margin of +0.20 pawns. search time
limit is 1:00} 1. e4 1... e5 2. f4 exf4 3. Nf3 d6 4. d4 g5 5. h3 Bg7 6. Be2 f5
7. Nc3 Nc6 8. Bb5 Bd7 9. exf5 ({9:-1.05} 9. exf5 9... Qe7+ 10. Ne2 O-O-O 11. d5
Ne5 12. Bxd7+ Rxd7 13. Nfd4 Nf6 14. Ne6 14... Ne4 $17) ({9:-0.77} 9. Qe2 9...
Nxd4 10. Nxd4 Bxd4 11. Qh5+ Kf8 12. Bxd7 Qxd7 13. Qxg5 Bxc3+ 14. bxc3 Re8 15.
Bxf4 Rxe4+ 16. Be3 $17) 9... Bxf5 10. d5 a6 11. dxc6 Bxc3+ 12. bxc3 axb5 13.
cxb7 Rb8 14. Qd5 Ne7 15. Qxb5+ Qd7 16. Rb1 ({10:+0.70} 16. Rb1 16... Bxc2 17.
Qxd7+ Kxd7 18. Rb2 Be4 19. Nxg5 Bxb7 20. O-O Nd5 21. Rf3 21... h6 $14) ({
10:+1.25} 16. Qxd7+ 16... Bxd7 17. Nxg5 O-O 18. O-O Ng6 19. Rb1 h6 20. Ne4 Bc6
21. Nxd6 $16) 16... Bxc2 17. Qxd7+ Kxd7 18. Rb2 Be4 19. Nxg5 Bc6 20. Bxf4 ({
11:+0.93} 20. Bxf4 20... h6 21. Nf3 Nd5 22. Bd2 Rxb7 23. Rxb7 Re8+ 24. Kf2 Bxb7
25. Re1 Rxe1 26. Kxe1 $16) ({11:+1.15} 20. O-O 20... Rxb7 21. Rxb7 Bxb7 22.
Rxf4 h6 23. Nf7 Rg8 24. Rf2 h5 25. Bf4 25... Be4 $16) 20... h6 21. Nf3 Nd5 22.
Bd2 Bxb7 23. Kf2 ({11:+0.73} 23. Kf2 23... Ba6 24. Rxb8 Rxb8 25. Kg3 Rb2 26.
Rc1 Ne7 27. a4 Be2 28. Bf4 Nf5+ 29. Kg4 $16) ({11:+0.99} 23. O-O 23... Ba6 24.
Rfb1 Rxb2 25. Rxb2 Re8 26. Nd4 Ne3 27. Bxe3 Rxe3 28. Nf5 Rxc3 29. Nxh6 $16)
23... Ba6 24. Rxb8 Rxb8 25. Rc1 Rb2 26. Kg3 Rxa2 27. Bxh6 Nf6 28. Be3 Bb7 29.
Nh4 Ke6 30. Bd4 Ne4+ 31. Kh2 c5 32. Bg7 Kf7 33. Bh6 Ba6 34. Nf3 Kg6 35. Bf4 Kf5
36. Be3 Bc4 37. Bh6 Kg6 38. Bf4 Kf5 39. Bg3 Ke6 40. h4 Kf5 41. Kh3 Be6 42. Be1
Kf4+ 43. Kh2 d5 44. Rb1 Bg4 45. Rb7 Rc2 46. Rf7+ Ke3 47. Ne5 Be2 48. Rf5 Rc1
49. Nf3 Bxf3 50. gxf3 Rxe1 51. fxe4 Kxe4 52. Rg5 d4 53. Rxc5 d3 54. Rc4+ Ke3
55. h5 d2 56. Rd4 d1=Q 57. Rxd1 Rxd1 58. Kg3 Rg1+ 59. Kh2 Rg5 60. Kh3 Rxh5+ 61.
Kg4 Rd5 62. Kg3 Rg5+ 63. Kh4 Kf4 64. c4 Rc5 65. Kh3 Kf3 66. Kh4 Re5 67. c5 Rxc5
68. Kh3 Rh5# 0-1